Missing Word: Zodiac Movies Quiz Stats

 Plays Quiz Updated Oct 27, 2014

Challenge
Share
Tweet
Embed
Score 0/16 Timer 03:00
0 Plays Today
Hint Answer % Correct
Raging ____♉ Bull ♉
96.8%
The 40 Year Old ______♍ Virgin ♍
96.6%
Crouching _____ Hidden Dragon虎 Tiger 虎
94.8%
A ____ Called Wanda♓ Fish ♓
93.6%
___ Day Afternoon狗 Dog 狗
93.5%
Babe: ___ in the City豬 Pig 豬
93.3%
The _____ Whisperer馬 Horse 馬
92%
Men Who Stare at ____s羊 Goat 羊
84.9%
Hint Answer % Correct
____ Peaks: Fire Walk with Me♊ Twin ♊
82.9%
The ____ in Winter♌ Lion ♌
76.9%
_______ Cogburn雞 Rooster 雞
67.8%
Red ______龍 Dragon 龍
66.8%
______ Business猴 Monkey 猴
63.4%
Black _____ Moan蛇 Snake 蛇
62.9%
The _______ King♏ Scorpion ♏
62.6%
______ Hole兔 Rabbit 兔
34.7%

Today's Daily Dose

You're not logged in!

Compare scores with friends on all Sporcle quizzes.
OR
Log In

You Might Also Like...

Show Comments

Extras

Top Quizzes Today


Score Distribution

Your Account Isn't Verified!

In order to create a playlist on Sporcle, you need to verify the email address you used during registration. Go to your Sporcle Settings to finish the process.

Report this User

Report this user for behavior that violates our Community Guidelines.

Details: